[Event "ISR-chT"]
[White "Rozentalis, Eduardas"]
[Black "Zemach, Nadav"]
[Site "Israel"]
[Round "4.28"]
[Result "1-0"]
[Date "2024.01.20"]
[WhiteElo "2453"]
[BlackElo "2388"]
[PlyCount "157"]
[EventDate "2024.01.10"]
[EventType "team-tourn"]
[EventRounds "11"]
[EventCountry "ISR"]
[SourceTitle "CBM 218 Extra"]
[Source "ChessBase"]
[SourceDate "2024.03.31"]
[SourceVersion "1"]
[SourceVersionDate "2024.03.31"]
[SourceQuality "1"]
[WhiteTeam "Kfar Saba"]
[BlackTeam "Rishon Le iZion II"]
[WhiteTeamCountry "ISR"]
[BlackTeamCountry "ISR"]

1. e4 e5 2. Nf3 Nc6 3. Bb5 a6 4. Bxc6 dxc6 5. d3 f6 6. Be3 Ne7 7. Nbd2 Ng6 8. Nc4 c5 9. a4 a5 10. h3 Be6 11. Qe2 Bd6 12. c3 Bd7 13. 0-0 0-0 14. Rfd1 f5 15. exf5 Bxf5 16. Ng5 b6 17. d4 cxd4 18. cxd4 e4 19. Ne5 Bxe5 20. dxe5 Qe7 21. Qc4+ Kh8 22. e6 Ne5 23. Qd5 Qf6 24. Rac1 c5 25. Nxe4 Qxe6 26. Qxe6 Bxe6 27. Rd6 Bf5 28. Ng3 Rab8 29. Rd5 Rbe8 30. Nxf5 Rxf5 31. Rcd1 Rff8 32. b3 Nc6 33. Rd6 Rc8 34. Re6 Rfe8 35. Rxe8+ Rxe8 36. Rd6 Rc8 37. f4 Kg8 38. Kf2 Kf8 39. f5 Nd4 40. Rxb6 Nxf5 41. Rb5 Nxe3 42. Kxe3 c4 43. bxc4 Rxc4 44. Rxa5 Rc3+ 45. Kf4 Rc2 46. g4 Rc3 47. h4 Kg8 48. Re5 Kf7 49. Re3 Rc4+ 50. Re4 Rc1 51. Ke5 Ke7 52. Kd5+ Kd7 53. Rf4 Ke7 54. Rc4 Ra1 55. Kc6 Kd8 56. Kb6 Rb1+ 57. Ka6 Kd7 58. a5 Rb2 59. g5 Rb1 60. Ka7 Rb2 61. Rf4 Kc6 62. a6 Rb1 63. g6 hxg6 64. Rg4 Kc7 65. Rxg6 Kc8 66. Rxg7 Rh1 67. Rh7 Rh2 68. h5 Rh1 69. h6 Rh2 70. Kb6 Rb2+ 71. Kc5 Rc2+ 72. Kd4 Kb8 73. Rg7 Rd2+ 74. Ke3 Rh2 75. h7 Rh3+ 76. Kf4 Rh4+ 77. Kg5 Rxh7 78. Rxh7 Ka8 79. Kf6 1-0

[Event "ISR-chT"]
[White "Stolyarsky, Yegor"]
[Black "Zemach, Nadav"]
[Site "Israel"]
[Round "3.29"]
[Result "0-1"]
[Date "2024.01.19"]
[WhiteElo "2111"]
[BlackElo "2388"]
[PlyCount "66"]
[EventDate "2024.01.10"]
[EventType "team-tourn"]
[EventRounds "11"]
[EventCountry "ISR"]
[SourceTitle "CBM 218 Extra"]
[Source "ChessBase"]
[SourceDate "2024.03.31"]
[SourceVersion "1"]
[SourceVersionDate "2024.03.31"]
[SourceQuality "1"]
[WhiteTeam "Rehovot"]
[BlackTeam "Rishon Le iZion II"]
[WhiteTeamCountry "ISR"]
[BlackTeamCountry "ISR"]

1. d4 d5 2. c4 c6 3. Nf3 Nf6 4. g3 Bg4 5. Bg2 e6 6. 0-0 Nbd7 7. cxd5 exd5 8. Bf4 Be7 9. Nc3 h6 10. Qd2 0-0 11. Rfc1 Bf5 12. Qd1 Rc8 13. Ne1 Re8 14. f3 Bf8 15. Qd2 c5 16. g4 Bh7 17. Kh1 Qb6 18. Na4 Qa6 19. Nc3 cxd4 20. Qxd4 Rc4 21. Qd2 d4 22. Ne4 Nxe4 23. fxe4 Bxe4 24. Nf3 Nf6 25. h3 Nd5 26. Bg3 Bb4 27. Qd1 Ne3 28. Qg1 Rxc1 29. Rxc1 Qxe2 30. Qf2 d3 31. Qxe2 dxe2 32. Be1 Rd8 33. Kh2 Nxg2 0-1

[Event "ISR-chT"]
[White "Bronstein, Or"]
[Black "Zemach, Nadav"]
[Site "Israel"]
[Round "1.21"]
[Result "1/2-1/2"]
[Date "2024.01.10"]
[WhiteElo "2443"]
[BlackElo "2388"]
[PlyCount "91"]
[EventDate "2024.01.10"]
[EventType "team-tourn"]
[EventRounds "11"]
[EventCountry "ISR"]
[SourceTitle "CBM 218 Extra"]
[Source "ChessBase"]
[SourceDate "2024.03.31"]
[SourceVersion "1"]
[SourceVersionDate "2024.03.31"]
[SourceQuality "1"]
[WhiteTeam "Rishon Le Zion"]
[BlackTeam "Rishon Le iZion II"]
[WhiteTeamCountry "ISR"]
[BlackTeamCountry "ISR"]

1. d4 d5 2. c4 c6 3. Nf3 Nf6 4. e3 Bf5 5. Nc3 e6 6. Nh4 Bg6 7. Be2 Nbd7 8. 0-0 Bd6 9. g3 0-0 10. Nxg6 hxg6 11. b3 Qe7 12. Qc2 Rfd8 13. Rb1 a5 14. Rd1 Rac8 15. Bb2 Bb8 16. e4 dxe4 17. Nxe4 Nxe4 18. Qxe4 Nf6 19. Qe3 Rd7 20. Bc3 Bc7 21. Bf3 Rcd8 22. Rd2 Bb6 23. Rbd1 Ne8 24. Rd3 Nd6 25. Qf4 Nf5 26. d5 cxd5 27. cxd5 Qc5 28. Be4 exd5 29. Bxf5 gxf5 30. Bd4 Qc6 31. Qxf5 Bxd4 32. Rxd4 Rd6 33. Qg5 Re8 34. Rc1 Qd7 35. Kg2 Re2 36. a4 b6 37. h4 Rf6 38. Rf4 Rxf4 39. Qxf4 d4 40. Qf3 Re5 41. Qc6 Qxc6+ 42. Rxc6 Rd5 43. Kf1 d3 44. Ke1 d2+ 45. Kd1 b5 46. axb5 1/2-1/2

[Event "Arad op 16th"]
[White "Zemach, Nadav"]
[Black "Gavrilescu, David"]
[Site "Arad"]
[Round "8"]
[Result "0-1"]
[Date "2023.08.12"]
[WhiteElo "2379"]
[BlackElo "2526"]
[PlyCount "94"]
[EventDate "2023.08.07"]
[EventType "swiss"]
[EventRounds "9"]
[EventCountry "ROU"]
[SourceTitle "EXT 2024"]
[Source "ChessBase"]
[SourceDate "2023.10.10"]
[SourceVersion "1"]
[SourceVersionDate "2023.10.10"]
[SourceQuality "1"]

1. d4 d5 2. c4 e6 3. Nf3 Nf6 4. g3 Bb4+ 5. Bd2 Bd6 6. Nc3 0-0 7. Bg5 Be7 8. Bg2 h6 9. Bf4 Nc6 10. 0-0 dxc4 11. e4 a6 12. a4 Rb8 13. Qe2 b5 14. axb5 axb5 15. Rfd1 Nb4 16. Ra7 Rb7 17. Rxb7 Bxb7 18. Nxb5 Bxe4 19. Qxc4 Qa8 20. Ne1 Bxg2 21. Nxg2 c6 22. Nc3 Nbd5 23. Be5 Nd7 24. Bf4 Qb7 25. Qe2 Ra8 26. h3 N7b6 27. Rc1 Nxf4 28. Nxf4 Bg5 29. h4 Bxf4 30. gxf4 Rd8 31. Ne4 Rxd4 32. Nc5 Qc7 33. Nxe6 fxe6 34. Qxe6+ Qf7 35. Rxc6 Qxe6 36. Rxe6 Rb4 37. Re8+ Kf7 38. Rb8 Rxb2 39. Kg2 Nc4 40. Ra8 h5 41. Ra7+ Kf6 42. Kg3 Rb3+ 43. f3 Nd2 44. Ra6+ Kf7 45. Ra7+ Kg6 46. f5+ Kf6 47. Kf4 Rxf3# 0-1

[Event "Timisoara Foisor Memorial Rapid"]
[White "Zemach, Nadav"]
[Black "Drazic, Sinisa"]
[Site "Timisoara"]
[Round "8"]
[Result "1-0"]
[Date "2023.08.06"]
[WhiteElo "2379"]
[BlackElo "2330"]
[PlyCount "91"]
[EventDate "2023.08.05"]
[EventType "swiss (rapid)"]
[EventRounds "10"]
[EventCountry "ROU"]
[SourceTitle "CBM 215 Extra"]
[Source "ChessBase"]
[SourceDate "2023.09.30"]
[SourceVersion "1"]
[SourceVersionDate "2023.09.30"]
[SourceQuality "1"]

1. d4 d5 2. c4 dxc4 3. Nf3 Nf6 4. e3 Be6 5. Nc3 c6 6. Ng5 Bg4 7. f3 Bd7 8. Bxc4 e6 9. 0-0 Be7 10. f4 0-0 11. e4 b5 12. Bd3 h6 13. Nf3 Qb6 14. e5 Nd5 15. Nxd5 cxd5 16. Bc2 f5 17. exf6 Bxf6 18. Qd3 Nc6 19. Be3 Kf7 20. Ne5+ Ke8 21. Rae1 Kd8 22. a3 Ne7 23. Bf2 Rc8 24. Re2 Be8 25. Rfe1 b4 26. Qh3 Bb5 27. Bd3 Nf5 28. Bxb5 Qxb5 29. g4 Nd6 30. g5 hxg5 31. Qxe6 Ne4 32. Rxe4 dxe4 33. Qd6+ Ke8 34. Qe6+ Kd8 35. Qd6+ Ke8 36. Rxe4 Rc1+ 37. Be1 Qb7 38. Nc6+ Kf7 39. Qd5+ Kg6 40. Ne5+ Bxe5 41. Qxb7 Bxd4+ 42. Rxd4 Rxe1+ 43. Kf2 Re6 44. Qd5 Ref6 45. Qxg5+ Kh7 46. Rxb4 1-0

[Event "Timisoara Foisor Memorial Rapid"]
[White "Zemach, Nadav"]
[Black "Parkhov, Yair"]
[Site "Timisoara"]
[Round "6"]
[Result "0-1"]
[Date "2023.08.06"]
[WhiteElo "2379"]
[BlackElo "2489"]
[PlyCount "84"]
[EventDate "2023.08.05"]
[EventType "swiss (rapid)"]
[EventRounds "10"]
[EventCountry "ROU"]
[SourceTitle "CBM 215 Extra"]
[Source "ChessBase"]
[SourceDate "2023.09.30"]
[SourceVersion "1"]
[SourceVersionDate "2023.09.30"]
[SourceQuality "1"]

1. d4 g6 2. c4 Bg7 3. Nf3 d6 4. g3 Nf6 5. Bg2 Bf5 6. Nc3 Ne4 7. Qb3 Nxc3 8. bxc3 Be4 9. 0-0 Nd7 10. Bh3 Bxf3 11. exf3 Rb8 12. f4 0-0 13. Be3 e6 14. Bg2 c6 15. Rfd1 Qa5 16. Rab1 Rfc8 17. Qb4 Qc7 18. Bf1 h5 19. Qa4 a6 20. Qa3 b5 21. d5 exd5 22. cxd5 Nb6 23. dxc6 Na4 24. Bg2 Nxc3 25. Qxa6 d5 26. Bxd5 Rd8 27. Bf3 Rxd1+ 28. Rxd1 Nxd1 29. Bxd1 h4 30. Kg2 Bf8 31. Be2 b4 32. Bf3 Bd6 33. Qc4 Qe7 34. Qd5 Rd8 35. Qc4 Bc7 36. Bc5 Bd6 37. Bxd6 Qxd6 38. Bg4 Qc7 39. Qb5 hxg3 40. hxg3 Rd6 41. Bd7 Rd2 42. Qb7 Rxd7 0-1

[Event "Ramat Gan Shavuot op"]
[White "Dvoirys, Semen I"]
[Black "Zemach, Nadav"]
[Site "Ramat Gan"]
[Round "2"]
[Result "0-1"]
[Date "2023.05.25"]
[WhiteElo "2470"]
[BlackElo "2383"]
[PlyCount "63"]
[EventDate "2023.05.25"]
[EventType "swiss (rapid)"]
[EventRounds "6"]
[EventCountry "ISR"]
[SourceTitle "CBM 214 Extra"]
[Source "ChessBase"]
[SourceDate "2023.07.31"]
[SourceVersion "1"]
[SourceVersionDate "2023.07.31"]
[SourceQuality "1"]

1. e4 e5 2. Nf3 Nc6 3. Bb5 a6 4. Ba4 Nf6 5. 0-0 Be7 6. Re1 b5 7. Bb3 0-0 8. a4 d5 9. exd5 e4 10. dxc6 exf3 11. d4 fxg2 12. Bf4 Bd6 13. Bg3 b4 14. d5 Bg4 15. Qd3 Nh5 16. Qd4 Qg5 17. Nd2 f5 18. Be5 Kh8 19. f3 Bxe5 20. Rxe5 Nf4 21. h4 Nh3+ 22. Kxg2 Qxh4 23. fxg4 fxg4 24. Rf1 Rxf1 25. Kxf1 Rf8+ 26. Ke2 Qg3 27. Qe3 Qg2+ 28. Kd3 Nf2+ 29. Kc4 Nd1 30. Qd4 Qg3 31. Ne4 Qe1 32. Re7 0-1

[Event "Ramat Gan Shavuot op"]
[White "Zemach, Nadav"]
[Black "Michaeli, Omri"]
[Site "Ramat Gan"]
[Round "1"]
[Result "1-0"]
[Date "2023.05.25"]
[WhiteElo "2383"]
[BlackElo "1874"]
[PlyCount "51"]
[EventDate "2023.05.25"]
[EventType "swiss (rapid)"]
[EventRounds "6"]
[EventCountry "ISR"]
[SourceTitle "CBM 214 Extra"]
[Source "ChessBase"]
[SourceDate "2023.07.31"]
[SourceVersion "1"]
[SourceVersionDate "2023.07.31"]
[SourceQuality "1"]

1. d4 Nf6 2. c4 e6 3. g3 Bb4+ 4. Nd2 c5 5. a3 Bxd2+ 6. Qxd2 cxd4 7. Nf3 b6 8. Bg2 Bb7 9. Qxd4 Nc6 10. Qf4 0-0 11. 0-0 d5 12. b4 Ne7 13. Ne5 Ng6 14. Nxg6 hxg6 15. Bb2 Qe7 16. Rfd1 Rfd8 17. Rac1 dxc4 18. Bxb7 Qxb7 19. Bxf6 gxf6 20. Qxf6 Rxd1+ 21. Rxd1 Qe4 22. Rd4 Qxe2 23. Rh4 Qd1+ 24. Kg2 Qd5+ 25. f3 Qd2+ 26. Kh3 1-0

[Event "Ramat Gan Shavuot op"]
[White "Zemach, Nadav"]
[Black "Uritsky, Yonathan"]
[Site "Ramat Gan"]
[Round "5"]
[Result "1/2-1/2"]
[Date "2023.05.25"]
[WhiteElo "2383"]
[BlackElo "2118"]
[PlyCount "107"]
[EventDate "2023.05.25"]
[EventType "swiss (rapid)"]
[EventRounds "6"]
[EventCountry "ISR"]
[SourceTitle "CBM 214 Extra"]
[Source "ChessBase"]
[SourceDate "2023.07.31"]
[SourceVersion "1"]
[SourceVersionDate "2023.07.31"]
[SourceQuality "1"]

1. d4 Nf6 2. Nf3 c5 3. d5 g6 4. Nc3 Bg7 5. e4 d6 6. Be2 0-0 7. 0-0 e6 8. h3 exd5 9. exd5 Nbd7 10. Bf4 Nb6 11. a4 a5 12. Re1 Re8 13. Bh2 Ne4 14. Nxe4 Rxe4 15. c3 Bd7 16. Bb5 Rxe1+ 17. Qxe1 Bxb5 18. axb5 Qd7 19. Qe2 Re8 20. Qc2 Qxb5 21. Bxd6 Nxd5 22. c4 Qc6 23. cxd5 Qxd6 24. Rxa5 Bd4 25. Qd2 Qxd5 26. Rb5 Re7 27. b4 Qc4 28. Nxd4 Qxd4 29. Qxd4 cxd4 30. Rd5 Re4 31. f3 Rf4 32. Kf2 d3 33. b5 Rb4 34. Ke3 Rb3 35. h4 Kg7 36. Rxd3 Rxb5 37. Rd6 h5 38. g4 Rb4 39. gxh5 gxh5 40. Rd5 Kg6 41. Rg5+ Kh6 42. Rf5 Rxh4 43. Rxf7 Rb4 44. f4 h4 45. Kf3 h3 46. Kg3 Rb3+ 47. Kh2 b5 48. f5 b4 49. f6 Kg6 50. Rf8 Rf3 51. Rb8 b3 52. Rb6 Kg5 53. f7 Rxf7 54. Rxb3 1/2-1/2

[Event "Rishon Le Ziyyon-ch U18"]
[White "Guz, Ari"]
[Black "Zemach, Nadav"]
[Site "Rishon Le Ziyyon"]
[Round "6"]
[Result "1/2-1/2"]
[Date "2023.04.02"]
[WhiteElo "2318"]
[BlackElo "2395"]
[PlyCount "44"]
[EventDate "2023.03.28"]
[EventType "swiss"]
[EventRounds "9"]
[EventCountry "ISR"]
[SourceTitle "CBM 213 Extra"]
[Source "ChessBase"]
[SourceDate "2023.05.31"]
[SourceVersion "1"]
[SourceVersionDate "2023.05.31"]
[SourceQuality "1"]

1. c4 c6 2. d4 d5 3. Nf3 Nf6 4. Nc3 e6 5. Qd3 dxc4 6. Qxc4 b5 7. Qd3 a6 8. g4 c5 9. g5 c4 10. Qc2 Nd5 11. e4 Nb4 12. Qd1 Bb7 13. Be3 Bd6 14. h4 Nd7 15. Be2 Rc8 16. h5 Be7 17. Rg1 Bd6 18. Rh1 Be7 19. Rg1 Bd6 20. Rh1 Be7 21. Rg1 Bd6 22. Rh1 Be7 1/2-1/2